000 00531nam a2200157 a 4500
001 000027654
005 20211111123049.0
008 110404s1982 dr ac 000 0 spa d
040 _aDO-SdBNP
_bspa
_cBNPHU
082 _axxx
_bxxxx
100 1 _aPenson, Enríque
_9188
245 1 0 _aDeslizamientos de tierras en la cordillera septentrional /
_cEnrique Penson.
260 _aSanto Domingo :
_bUniversidad Nacional Pedro Henríquez Ureña (UNPHU),
_c1982.
300 _a76 P. :
_bil.,retrs. ;
_c29 cm.
590 _aInventariado, 2019/ YL
999 _c27146
_d27146